Kouzelná šunka ; Na prahu neznáma /

Hlavní autor: Poláček, Karel, 1892-1945
Další autoři: Křivánek, Vladimír, 1951-2022, Born, Adolf, 1930-2016, Duksa, Ondřej, Fogl, Jiří, 1940-2022, Hrachovina, Jan
Jazyk: Čeština
Vydáno: Velké Losiny : Papírenská manufaktura Velké Losiny, 2011
Témata:
Externí odkaz: Digitalizovaný dokument
Fyzický popis: 50 s., [4] l. obr. příl. : barev. il. ; 31 cm
Knihy
Uloženo v:
LEADER 02207nam a2200493 a 4500
001 nkc20122342376
003 CZ PrNK
005 20120405112655.0
007 ta
008 120319s2011 xr af g 000 j cze
015 |a cnb002342376 
020 |a 978-80-87466-02-5  |q (váz.)  |z 978-80-87466-00-01 
035 |a (OCoLC)791319855 
040 |a ABA001  |b cze 
072 7 |a 821.162.3-3  |x Česká próza  |2 Konspekt  |9 25 
080 |a 821.162.3-32  |2 MRF 
080 |a (0:82-321.5)  |2 MRF 
080 |a (0.027.6)  |2 MRF 
100 1 |a Poláček, Karel,  |d 1892-1945  |7 jk01100136  |4 aut 
245 1 0 |a Kouzelná šunka ;  |b Na prahu neznáma /  |c Karel Poláček ; [předmluvou opatřil Vladimír Křivánek ; typografii a obálku knihy s použitím grafiky Adolfa Borna navrhl Ondřej Duksa ; vazbu provedl a ochranné etuje vyrobil Jiří Fogl] 
260 |a Velké Losiny :  |b Papírenská manufaktura Velké Losiny,  |c 2011  |e (V Litovli :  |f Jan Hrachovina) 
300 |a 50 s., [4] l. obr. příl. :  |b barev. il. ;  |c 31 cm 
500 |a Bibliofilie v papírovém pouzdře 
500 |a Příležitostný tisk 
500 |a 100 váz. výt. na ručním grafickém papíru Losín 
500 |a Obsahuje 4 původní čísl. a signované grafiky Adolfa Borna 
655 7 |a české povídky  |7 fd133971  |2 czenas 
655 7 |a humoristické povídky  |7 fd132428  |2 czenas 
655 7 |a bibliofilie  |7 fd131893  |2 czenas 
655 9 |a Czech short stories  |2 eczenas 
655 9 |a humorous short stories  |2 eczenas 
655 9 |a bibliophilie  |2 eczenas 
740 0 2 |a Na prahu neznáma 
700 1 |a Křivánek, Vladimír,  |d 1951-2022  |7 jk01070112  |4 wfw 
700 1 |a Born, Adolf,  |d 1930-2016  |7 jk01012660  |4 ill 
700 1 |a Duksa, Ondřej  |7 jx20090325011  |4 tyg 
700 1 |a Fogl, Jiří,  |d 1940-2022  |7 hka0110043  |4 bnd 
700 1 |a Hrachovina, Jan  |7 jx20090325012  |4 prt 
856 4 1 |u http://www.digitalniknihovna.cz/mzk/uuid/uuid:65dd1590-2b61-11e8-8cf8-005056827e52  |y Digitalizovaný dokument  |x NDK 
910 2 |a BOA001  |b Bf2-1282.541 
990 |a BK 
995 |a 01 
991 |b 201203  |e b 
996 6 |b 2610504685  |c Bf2-1282.541  |l Stud. starých tisků/4.patro  |r Sklad / do násl. otevíracího dne  |n 1  |p p.v.  |w 001232853  |u 000010  |a 1  |e BOA001  |j MZK50  |s P